| 000 | 03439nam a22005655i 4500 | ||
|---|---|---|---|
| 001 | 978-3-319-57358-8 | ||
| 003 | DE-He213 | ||
| 005 | 20210118145215.0 | ||
| 007 | cr nn 008mamaa | ||
| 008 | 170517s2017 gw | s |||| 0|eng d | ||
| 020 |
_a9783319573588 _9978-3-319-57358-8 |
||
| 024 | 7 |
_a10.1007/978-3-319-57358-8 _2doi |
|
| 050 | 4 | _aQ342 | |
| 072 | 7 |
_aUYQ _2bicssc |
|
| 072 | 7 |
_aTEC009000 _2bisacsh |
|
| 072 | 7 |
_aUYQ _2thema |
|
| 082 | 0 | 4 |
_a006.3 _223 |
| 100 | 1 |
_aTorra, Vicenç. _eauthor. _4aut _4http://id.loc.gov/vocabulary/relators/aut |
|
| 245 | 1 | 0 |
_aData Privacy: Foundations, New Developments and the Big Data Challenge _h[electronic resource] / _cby Vicenç Torra. |
| 250 | _a1st ed. 2017. | ||
| 264 | 1 |
_aCham : _bSpringer International Publishing : _bImprint: Springer, _c2017. |
|
| 300 |
_aXIV, 269 p. 22 illus. _bonline resource. |
||
| 336 |
_atext _btxt _2rdacontent |
||
| 337 |
_acomputer _bc _2rdamedia |
||
| 338 |
_aonline resource _bcr _2rdacarrier |
||
| 347 |
_atext file _bPDF _2rda |
||
| 490 | 1 |
_aStudies in Big Data, _x2197-6503 ; _v28 |
|
| 505 | 0 | _aIntroduction -- Machine and Statistical Learning -- On the Classification of Protection Procedures -- User’s privacy -- Privacy Models and Disclosure Risk Measures -- Masking methods -- Information loss: evaluation and measures -- Selection of masking methods -- Conclusions. | |
| 520 | _aThis book offers a broad, cohesive overview of the field of data privacy. It discusses, from a technological perspective, the problems and solutions of the three main communities working on data privacy: statistical disclosure control (those with a statistical background), privacy-preserving data mining (those working with data bases and data mining), and privacy-enhancing technologies (those involved in communications and security) communities. Presenting different approaches, the book describes alternative privacy models and disclosure risk measures as well as data protection procedures for respondent, holder and user privacy. It also discusses specific data privacy problems and solutions for readers who need to deal with big data. | ||
| 650 | 0 | _aComputational intelligence. | |
| 650 | 0 | _aArtificial intelligence. | |
| 650 | 1 | 4 |
_aComputational Intelligence. _0http://scigraph.springernature.com/things/product-market-codes/T11014 |
| 650 | 2 | 4 |
_aArtificial Intelligence. _0http://scigraph.springernature.com/things/product-market-codes/I21000 |
| 710 | 2 | _aSpringerLink (Online service) | |
| 773 | 0 | _tSpringer eBooks | |
| 776 | 0 | 8 |
_iPrinted edition: _z9783319573564 |
| 776 | 0 | 8 |
_iPrinted edition: _z9783319573571 |
| 776 | 0 | 8 |
_iPrinted edition: _z9783319861418 |
| 830 | 0 |
_aStudies in Big Data, _x2197-6503 ; _v28 |
|
| 856 | 4 | 0 | _uhttps://doi.org/10.1007/978-3-319-57358-8 |
| 912 | _aZDB-2-ENG | ||
| 999 |
_c451839 _d451839 |
||
| 942 | _cEB | ||
| 506 | _aAvailable to subscribing member institutions only. Доступно лише організаціям членам підписки. | ||
| 506 | _fOnline access from local network of NaUOA. | ||
| 506 | _fOnline access with authorization at https://link.springer.com/ | ||
| 506 | _fОнлайн-доступ з локальної мережі НаУОА. | ||
| 506 | _fОнлайн доступ з авторизацією на https://link.springer.com/ | ||